Somewhat Obscure 80s Rock Bands Quiz Stats

 Plays Quiz not verified by Sporcle

Score 0/10 Timer 05:00
0 Plays Today
Song Band % Correct
Jelly RollBlue Murder
75%
All Lips 'N' HipsElectric Boys
71.4%
I Hate Kissing You GoodbyeTuff
64.3%
Don't Need RulesKik Tracee
53.6%
Come AlongSalty Dog
46.4%
High in High SchoolMadam X
42.9%
No Easy Way OutRoxx Gang
35.7%
Tear the House DownHericane Alice
32.1%
Stragner than ParadiseSleez Beez
25%
True BelieverLillian Axe
25%

You're not logged in!

Compare scores with friends on all Sporcle quizzes.
OR
Log In

Show Comments

Extras

Top Quizzes Today


Score Distribution

Your Account Isn't Verified!

In order to create a playlist on Sporcle, you need to verify the email address you used during registration. Go to your Sporcle Settings to finish the process.

Report this User

Report this user for behavior that violates our Community Guidelines.

Details: